Statistics for South park: I'm super! thanks for asking - Lyrics

Click here to take the quiz!

General Stats

  • This quiz has been taken 21 times
  • The average score is 116 of 184

Answer Stats

Answer% Correct
as
100%
ask
100%
for
100%
I
100%
super
100%
i'm
94%
I'm
94%
in
94%
asking
88%
thanks
88%
the
88%
you
88%
you?
88%
me
81%
do
75%
gay
75%
Gay
75%
he
75%
is
75%
so
75%
to
75%
when
75%
you're
75%
Al
69%
be
69%
but
69%
don't
69%
no
69%
and
63%
are
63%
down
63%
everything
63%
Mr
63%
sorry
63%
this
63%
too
63%
all
56%
because
56%
can't
56%
cute
56%
dying
56%
feel
56%
flying
56%
hat
56%
look
56%
people
56%
say
56%
spilling
56%
that
56%
things
56%
think
56%
walk
56%
bad
50%
Bombs
50%
bring
50%
bugs
50%
even
50%
fact
50%
feeling
50%
he's
50%
how
50%
lying
50%
must
50%
now
50%
right
50%
better
44%
children
44%
couldn't
44%
crying
44%
killing
44%
nothing
44%
these
44%
Big
38%
cancer
38%
crippled
38%
gone
38%
got
38%
just
38%
little
38%
Politicians
38%
whole
38%
worlds
38%
at
31%
hell
31%
matching
31%
Texico's
31%
up
31%
well
31%
barracks
25%
pants
25%
tell
25%
tie
25%
trenches
25%
yes
25%
'em
19%
skittles!
19%
stick
19%
Vogue?
19%
convey
13%
OK!
13%
proud
13%
insainly
6%
concidered
0%

Score Distribution

Percentile by Number Answered

Percent of People with Each Score

Your Score History

You have not taken this quiz